000 00658nam a2200241 i 4500
001 C2-0287364
003 PPAK
005 20180728020702.0
008 080206s2004 ii a|||| ||||| | eng d
020 _a8123408595
040 _aPPAK
_beng
_cPPAK
_erda
082 0 4 _a333.707
_223
090 0 0 _a333.707
_bSUS
_dR
100 0 _aSusila Appadurai,
_eauthor
245 1 0 _aEnvironmental studies
264 1 _aChennai, India :
_bNew Century Book House ,
_c2004
300 _avi, 174 pages :
_billustrations ;
_c21 cm
336 _2rdacontent
_atext
337 _2rdamedia
_aunmediated
338 _2rdacarrier
_avolume
650 1 0 _aEcology
942 _ddc
_cB
999 _c93065
_d93065